Vývojové trendy služieb v ekonomike Slovenska a ich komparácia v európskom kontexte

Na minha lista:
Detalhes bibliográficos
Autor principal: Michalová, Valéria
Formato: Capítulo de Livro
Idioma:eslovaco
Tags: Adicionar Tag
Sem tags, seja o primeiro a adicionar uma tag!

MARC

LEADER 00000naa$a2200000$$$4500
001 0090899
005 20240502072021.5
041 0 |a slo 
044 |a SK 
245 1 0 |a Vývojové trendy služieb v ekonomike Slovenska a ich komparácia v európskom kontexte  |c Valéria Michalová 
100 1 |a Michalová, Valéria